[Event "Santa Clara 1000 GM Schev1 03"]
[Site "Santa Clara"]
[Date "2024.03.10"]
[Round "4.2"]
[White "Arenas Vanegas, David"]
[Black "Arutla, Aditya"]
[Result "1/2-1/2"]
[WhiteElo "2368"]
[BlackElo "2239"]
[PlyCount "47"]
[EventDate "2024.03.09"]
[EventType "schev"]
[EventRounds "5"]
[EventCountry "USA"]
[SourceTitle "CB11_2024"]
[SourceDate "2024.03.13"]
[SourceVersion "1"]
[SourceVersionDate "2024.03.13"]
[SourceQuality "1"]

1. e4 e5 2. Nf3 Nc6 3. Bb5 Nf6 4. 0-0 Nxe4 5. d4 Nd6 6. Bxc6 dxc6 7. dxe5 Nf5 8. Qxd8+ Kxd8 9. h3 h5 10. Rd1+ Ke8 11. b3 Be6 12. Nc3 Be7 13. Bb2 Rd8 14. Ne4 Rd7 15. Ne1 Kd8 16. Nd3 Kc8 17. Nf4 h4 18. Rxd7 Bxd7 19. Rd1 b6 20. a4 Rh6 21. Bc1 g5 22. Ne2 Rg6 23. f3 Ng7 24. Kf2 1/2-1/2

[Event "Sunnyvale Silicon Valley Fall op"]
[Site "Sunnyvale"]
[Date "2023.09.03"]
[Round "7"]
[White "Arutla, Aditya"]
[Black "Singh, Hersh"]
[Result "0-1"]
[WhiteElo "2161"]
[BlackElo "2293"]
[PlyCount "156"]
[EventDate "2023.08.31"]
[EventType "swiss"]
[EventRounds "9"]
[EventCountry "USA"]
[SourceTitle "EXT 2024"]
[Source "ChessBase"]
[SourceDate "2023.10.10"]
[SourceVersion "1"]
[SourceVersionDate "2023.10.10"]
[SourceQuality "1"]

1. d4 d6 2. e4 Nf6 3. Nc3 e5 4. Nf3 Nbd7 5. Bc4 Be7 6. 0-0 0-0 7. Re1 c6 8. a4 h6 9. h3 Re8 10. Ba2 a5 11. Nh4 Nf8 12. dxe5 dxe5 13. Qf3 Be6 14. Nf5 Bxa2 15. Rxa2 Ng6 16. h4 Qc7 17. Ne2 Kh7 18. h5 Nf8 19. Neg3 Ne6 20. c3 Bd8 21. Ra1 Ng8 22. Rd1 Bg5 23. Nd6 Re7 24. Bxg5 Nxg5 25. Qe3 Nf6 26. f3 Rd8 27. Nc4 Red7 28. Rxd7 Nxd7 29. Qa7 Ne6 30. Qxa5 b6 31. Qb4 Nec5 32. Rd1 Ra8 33. b3 Rb8 34. Nd6 Nf6 35. a5 Ne6 36. axb6 Rxb6 37. Qa5 c5 38. Nxf7 Rd6 39. Qa1 Rxd1+ 40. Qxd1 Qxf7 41. Qd6 Nd7 42. Nf5 Nf4 43. Ne7 Qe8 44. Nd5 Nxh5 45. Nc7 Qf7 46. Ne6 Nf4 47. Nxc5 Nxc5 48. Qxc5 Qg6 49. g4 Qf6 50. Qc8 Qb6+ 51. Kh1 Qxb3 52. Qf5+ Ng6 53. g5 Qd1+ 54. Kh2 Qd2+ 55. Kh3 Qxg5 56. Qxg5 hxg5 57. Kg4 Nh4 58. Kxg5 Nxf3+ 59. Kf5 Kh6 60. c4 g5 61. c5 Kh5 62. Kf6 Nd4 63. Kxe5 Nb5 64. Kf6 g4 65. e5 g3 66. e6 g2 67. e7 Nc7 68. Ke5 g1Q 69. Kd6 Kg6 70. Kxc7 Qxc5+ 71. Kd7 Qd5+ 72. Kc7 Kf7 73. e8Q+ Kxe8 74. Kb8 Qd7 75. Ka8 Ke7 76. Kb8 Kd6 77. Ka8 Kc6 78. Kb8 Qb7# 0-1

[Event "Sunnyvale Silicon Valley Fall op"]
[Site "Sunnyvale"]
[Date "2023.09.01"]
[Round "2"]
[White "Tang, Zoey"]
[Black "Arutla, Aditya"]
[Result "1-0"]
[WhiteElo "2265"]
[BlackElo "2161"]
[PlyCount "87"]
[EventDate "2023.08.31"]
[EventType "swiss"]
[EventRounds "9"]
[EventCountry "USA"]
[SourceTitle "EXT 2024"]
[Source "ChessBase"]
[SourceDate "2023.10.10"]
[SourceVersion "1"]
[SourceVersionDate "2023.10.10"]
[SourceQuality "1"]

1. d4 Nf6 2. c4 e6 3. Nf3 d5 4. Nc3 c6 5. e3 Nbd7 6. Qc2 Bd6 7. b3 0-0 8. Bd3 e5 9. cxd5 cxd5 10. dxe5 Nxe5 11. Nxe5 Bxe5 12. f4 Bc7 13. 0-0 Bb6 14. Na4 Re8 15. Nxb6 Qxb6 16. Kh1 Bd7 17. h3 Bb5 18. Bxb5 Qxb5 19. Bb2 Ne4 20. Kh2 Qb6 21. Qd3 Qg6 22. Kg1 Qf5 23. Qd4 f6 24. Rfd1 Rad8 25. Rac1 Ng3 26. Rd2 b6 27. Kh2 Qg6 28. Qd3 Re4 29. Kg1 h5 30. Rdc2 Qf5 31. Qd2 h4 32. Bd4 Ree8 33. a4 Qe6 34. Rc6 Qf5 35. b4 Re4 36. a5 bxa5 37. bxa5 Rde8 38. Kh2 R4e7 39. a6 Nh5 40. Qc2 Qd7 41. Qg6 Ng3 42. Bxf6 Re6 43. Rxe6 Rxe6 44. Rc8+ 1-0

[Event "Titled Tuesday intern op 15th Aug Late"]
[Site "Chess.com INT"]
[Date "2023.08.15"]
[Round "6"]
[White "Arutla, Aditya"]
[Black "Korchmar, Vasiliy"]
[Result "0-1"]
[WhiteElo "2161"]
[BlackElo "2438"]
[PlyCount "90"]
[EventDate "2023.08.15"]
[EventType "swiss (blitz)"]
[EventRounds "11"]
[EventCountry "USA"]
[SourceTitle "EXT 2024"]
[Source "ChessBase"]
[SourceDate "2023.10.10"]
[SourceVersion "1"]
[SourceVersionDate "2023.10.10"]
[SourceQuality "1"]

1. d4 d5 2. Bf4 Nf6 3. e3 c5 4. Nf3 Nc6 5. Nbd2 cxd4 6. exd4 Qb6 7. Nb3 Bg4 8. c3 e6 9. a4 Bxf3 10. gxf3 a6 11. a5 Qd8 12. Bd3 Bd6 13. Bxd6 Qxd6 14. Nc5 0-0 15. Nxb7 Qf4 16. Qd2 Qxf3 17. Rg1 Ne4 18. Qe3 Qxe3+ 19. fxe3 Rfb8 20. Bxe4 Rxb7 21. Bd3 Rxb2 22. Rb1 Rxb1+ 23. Bxb1 Nxa5 24. Kd2 Nc4+ 25. Ke2 Rb8 26. Bd3 Rb2+ 27. Kf3 Rxh2 28. Bxc4 dxc4 29. Ra1 Rc2 30. Rxa6 h5 31. Ra3 g6 32. e4 Kg7 33. d5 exd5 34. exd5 Rd2 35. Ke4 h4 36. Ke5 h3 37. Kd6 g5 38. Ra1 g4 39. Rg1 f5 40. Ke5 Kg6 41. d6 h2 42. Rh1 g3 43. Kf4 g2 44. Rxh2 g1Q 45. Rxd2 Qg5+ 0-1

[Event "Philadelphia op 16th"]
[Site "Philadelphia"]
[Date "2023.06.28"]
[Round "9"]
[White "Amburgy, Ryan"]
[Black "Arutla, Aditya"]
[Result "1-0"]
[WhiteElo "2295"]
[BlackElo "2066"]
[PlyCount "115"]
[EventDate "2023.06.24"]
[EventType "swiss"]
[EventRounds "9"]
[EventCountry "USA"]
[SourceTitle "CBM 215 Extra"]
[Source "ChessBase"]
[SourceDate "2023.09.30"]
[SourceVersion "1"]
[SourceVersionDate "2023.09.30"]
[SourceQuality "1"]

1. d4 Nf6 2. c4 e6 3. Nf3 d5 4. Nc3 c6 5. g3 Be7 6. Bg2 0-0 7. 0-0 a5 8. Ne5 Nbd7 9. e4 dxc4 10. Nxc4 b5 11. e5 bxc4 12. exf6 Nxf6 13. Bxc6 Rb8 14. Re1 Bb7 15. Bxb7 Rxb7 16. Qf3 Rc7 17. Bf4 Rd7 18. Be5 Nd5 19. Qg4 Bf6 20. Ne4 Bxe5 21. dxe5 Qe7 22. Rac1 f5 23. exf6 Nxf6 24. Nxf6+ Qxf6 25. Rc2 Rb8 26. Qxc4 Re7 27. b3 Rbe8 28. Re4 Kh8 29. Qc3 e5 30. Qxa5 h6 31. Rce2 Qd6 32. Qb4 Qd1+ 33. Kg2 Qd5 34. Qc4 Qa8 35. a4 Rc8 36. Qd3 Rd8 37. Qf3 Rf8 38. Rf4 exf4 39. Qxa8 Rxa8 40. Rxe7 Rb8 41. gxf4 Rxb3 42. Re3 Rb4 43. Ra3 Rxf4 44. a5 Kg8 45. a6 Rf8 46. a7 Ra8 47. Kf3 Kf7 48. Ke4 Ke6 49. Ra6+ Ke7 50. Ke5 Kd7 51. Kf5 Ke7 52. Kg6 Kf8 53. f4 h5 54. f5 h4 55. h3 Kg8 56. Rb6 Rf8 57. Rb8 Rxb8 58. axb8R# 1-0